From Wealth to Power : (Record no. 13976)
[ view plain ]
| 000 -LEADER | |
|---|---|
| fixed length control field | 01430cam a2200349 a 4500 |
| 001 - CONTROL NUMBER | |
| control field | 1181992 |
| 005 - DATE AND TIME OF LATEST TRANSACTION | |
| control field | 20160518134818.0 |
| 008 - FIXED-LENGTH DATA ELEMENTS--GENERAL INFORMATION | |
| fixed length control field | 970730s1998 njuab | b 001 0 eng d |
| 010 ## - LIBRARY OF CONGRESS CONTROL NUMBER | |
| LC control number | 97034245 |
| 020 ## - INTERNATIONAL STANDARD BOOK NUMBER | |
| International Standard Book Number | 9780691010359 |
| 020 ## - INTERNATIONAL STANDARD BOOK NUMBER | |
| International Standard Book Number | 0691010358 |
| 040 ## - CATALOGING SOURCE | |
| Original cataloging agency | DLC |
| Transcribing agency | DLC |
| Modifying agency | DLC |
| 043 ## - GEOGRAPHIC AREA CODE | |
| Geographic area code | n-us--- |
| 050 00 - LIBRARY OF CONGRESS CALL NUMBER | |
| Classification number | E661.7 |
| Item number | .Z35 1998 |
| 082 00 - DEWEY DECIMAL CLASSIFICATION NUMBER | |
| Edition number | 21 |
| Classification number | 327.73 |
| Item number | ZAK |
| 100 1# - MAIN ENTRY--PERSONAL NAME | |
| Personal name | Zakaria, Fareed. |
| 9 (RLIN) | 13924 |
| 245 10 - TITLE STATEMENT | |
| Title | From Wealth to Power : |
| Remainder of title | The Unusual Origins of America's World Role / |
| Statement of responsibility, etc | Fareed Zakaria. |
| 260 ## - PUBLICATION, DISTRIBUTION, ETC. (IMPRINT) | |
| Place of publication, distribution, etc | Princeton, N.J. : |
| Name of publisher, distributor, etc | Princeton University Press, |
| Date of publication, distribution, etc | c1998. |
| 300 ## - PHYSICAL DESCRIPTION | |
| Extent | x, 199 p. : |
| Other physical details | ill., maps ; |
| Dimensions | 25 cm. |
| 490 #0 - Series Statement | |
| Series statement | Princeton studies in international history and politics |
| -- | 13927 |
| 504 ## - BIBLIOGRAPHY, ETC. NOTE | |
| Bibliography, etc | Includes bibliographical references and index. |
| 650 #0 - SUBJECT ADDED ENTRY--TOPICAL TERM | |
| Topical term or geographic name as entry element | Religion and politics. |
| 9 (RLIN) | 13919 |
| 650 #0 - SUBJECT ADDED ENTRY--TOPICAL TERM | |
| Topical term or geographic name as entry element | International relations. |
| 9 (RLIN) | 13925 |
| 651 #0 - SUBJECT ADDED ENTRY--GEOGRAPHIC NAME | |
| Geographic name | United States |
| General subdivision | Foreign relations |
| Chronological subdivision | 1865-1921. |
| 9 (RLIN) | 13926 |
| 651 #0 - SUBJECT ADDED ENTRY--GEOGRAPHIC NAME | |
| Geographic name | Middle East |
| General subdivision | Foreign relations. |
| 9 (RLIN) | 13921 |
| 651 #0 - SUBJECT ADDED ENTRY--GEOGRAPHIC NAME | |
| Geographic name | Europe |
| General subdivision | Foreign relations. |
| 9 (RLIN) | 13920 |
| 650 #0 - SUBJECT ADDED ENTRY--TOPICAL TERM | |
| 9 (RLIN) | 11141 |
| Topical term or geographic name as entry element | World politics |
| 856 41 - ELECTRONIC LOCATION AND ACCESS | |
| Materials specified | Table of contents |
| Uniform Resource Identifier | <a href="http://www.loc.gov/catdir/toc/prin031/97034245.html">http://www.loc.gov/catdir/toc/prin031/97034245.html</a> |
| 856 42 - ELECTRONIC LOCATION AND ACCESS | |
| Materials specified | Publisher description |
| Uniform Resource Identifier | <a href="http://www.loc.gov/catdir/description/prin021/97034245.html">http://www.loc.gov/catdir/description/prin021/97034245.html</a> |
| 942 ## - ADDED ENTRY ELEMENTS (KOHA) | |
| Source of classification or shelving scheme | Dewey Decimal Classification |
| Item type | Book - Borrowing |
| Withdrawn status | Item status | Source of classification or shelving scheme | Damaged status | Not for loan | Vendor | Home library | Current library | Shelving location | Date acquired | Source of acquisition | Cost, normal purchase price | Serial Enumeration / chronology | Total Checkouts | Full call number | Barcode | Checked out | Date last seen | Date last borrowed | Koha item type |
|---|---|---|---|---|---|---|---|---|---|---|---|---|---|---|---|---|---|---|---|
| Dewey Decimal Classification | Baccah | Central Library | Central Library | First floor | 15/05/2010 | 124.00 | 10268 | 2 | 327.73 ZAK | 000020717 | 25/12/2011 | 23/11/2011 | 23/11/2011 | Book - Borrowing |